Normal view
MARC view
Entry Topical Term
001 - CONTROL NUMBER
- control field: 127
003 - CONTROL NUMBER IDENTIFIER
- control field: BD-RjUL
005 - DATE AND TIME OF LATEST TRANSACTION
- control field: 20211212135023.0
008 - FIXED-LENGTH DATA ELEMENTS
- fixed length control field: 211212|| aca||aabn | a|a d
040 ## - CATALOGING SOURCE
- Original cataloging agency: BD-RjUL
- Transcribing agency: BD-RjUL
150 ## - HEADING--TOPICAL TERM
- Topical term or geographic name entry element: Persian poetry
- General subdivision: History and criticism
- Chronological subdivision: 747-1500 --
- Form subdivision: Early works to 1800
670 ## - SOURCE DATA FOUND
- Source citation: Work cat.: (BD-RjUL)78985: الرادوياني، محمد بن عمر ;; Rādūyānī, Muḥammad ibn ʻUmar, active 11th century. 118, [Kitāb ]Tarcumān al-balāġa.;; ترجمان البلاغة /, 1949.